La imputabilidad penal del drogodependiente.

Guardat en:
Dades bibliogràfiques
Autor principal: Castelló Nicás, Nuria
Format: Llibre
Idioma:espanyol
Publicat: Granada, España Comares S. L 1997
Edició:1a. ed
Matèries:
Etiquetes: Afegir etiqueta
Sense etiquetes, Sigues el primer a etiquetar aquest registre!

MARC

LEADER 00000cam a2200000 a 4500
001 UCC5312
003 CL-VaPUC
005 20210827074643.0
008 181005e19970000sp |||||||||||||||||spa|d
999 |c 372565  |d 372563 
020 |a 8481514543 
040 |c Pontificia Universidad Católica de Valparaíso 
082 0 4 |a 344.054 CAS 1997  |2 21 
100 0 |a Castelló Nicás, Nuria  |9 599635 
245 1 3 |a La imputabilidad penal del drogodependiente. 
250 |a 1a. ed 
260 0 3 |a Granada, España  |b Comares S. L  |c 1997 
300 |a 345 páginas 
583 |a last modification  |c 20181005 11:02:00  |k Rodrigo Vera 
650 7 |a CONTROL DE ESTUPEFACIENTES  |2 CL-VaPUC  |9 435434 
650 0 |a Drogas  |9 254877 
650 0 |a Abuso de drogas  |9 254876 
650 0 |a Tráfico de drogas  |9 254839 
942 |c BK  |2 ddc 
945 |d 20181005 11:02:00  |a dcastane 
952 |0 0  |1 0  |2 ddc  |3 erb  |4 0  |6 344_054000000000000_CAS_1997  |7 0  |8 A  |9 490248  |a BIBDER  |b BIBDER  |e Mateluna Arestizabal, Alfredo Sergio  |i 5490553  |o 344.054 CAS 1997  |p 5490553  |r 2023-01-25  |t 1  |w 2019-11-24  |y BK  |z Catalogado en:20181005  |k DER